[Event "Dos Hermanas-A"]
[Site "Dos Hermanas"]
[Date "2001.04.21"]
[Round "3"]
[White "Sokolov, Ivan"]
[Black "Dreev, Alexey"]
[Result "0-1"]
[WhiteElo "2659"]
[BlackElo "2685"]
[Annotator "Stohl,I"]
[PlyCount "62"]
[EventDate "2001.04.19"]
[EventType "tourn"]
[EventRounds "9"]
[EventCountry "ESP"]
[EventCategory "16"]
[SourceTitle "CBM 083"]
[Source "ChessBase"]
[SourceDate "2001.07.05"]
[SourceVersion "1"]
[SourceVersionDate "2001.07.05"]
[SourceQuality "1"]

1. d4 d5 2. c4 c6 3. Nf3 Nf6 4. Nc3 e6 5. Bg5 h6 (5... dxc4 6. e4 b5 7. e5 h6
8. Bh4 g5 9. Nxg5 hxg5 10. Bxg5 Nbd7 11. exf6 Bb7 12. g3 Qb6 13. Bg2 O-O-O 14.
O-O c5 15. d5 b4 16. Rb1 Qa6 17. dxe6 Bxg2 18. e7 Bxf1 19. Kxf1 $1 $14 {
Dreev usually plays the more solid text.}) 6. Bh4 $5 {But even here Black must
be ready for a sharp fight, the P sacrifice has become very topical in the
last 2 years.} (6. Bxf6 Qxf6 {is still considered satisfactory for Black.})
6... dxc4 7. e4 g5 {The usual reaction, but also} (7... Bb4 {deserves
attention:} 8. Bxc4 (8. Qc2 $5 g5 9. Bg3 g4 10. Nd2 Qxd4 11. Bxc4 $13) 8... g5
$5 9. Bg3 Nxe4 10. O-O Nxg3 11. fxg3 Nd7 12. Qe2 O-O $44 {[%csl Rc8,Rf5,Rf6,
Rf7,Rg5,Rg6,Rg7,Rg8,Rh5,Rh7] ׻,K,Bc8 White has compensation for the pawn, but
probably not more than that and the resulting position is rather unclear.}) (
7... b5 8. e5 {is the Botvinnik Black wanted to avoid.}) 8. Bg3 b5 (8... Bb4 {
can lead to positions from the above note, but Black must also reckon with} 9.
Ne5 $5 {/\} Nxe4 10. Qf3 Nd6 11. Bxc4 $32 {~~}) 9. Be2 {White prefers
development to risky immediate action} (9. h4 g4 10. Ne5 Bb4 (10... h5 $5) 11.
f3 Nh5 12. Bf2 Qa5 ({interesting is even} 12... g3 13. Be3 f5 $5 14. Qd2 Qf6
15. f4 Qg7 16. exf5 exf5 17. Be2 Nf6 18. Bf3 O-O 19. Kf1 $6 Ne4 20. Qc2 Bxc3
21. bxc3 Nd7 22. Bxe4 Nxe5 23. dxe5 fxe4 24. Qxe4 Bf5 $40 {Van Ketel,
R-Savchenko,S/Porto San Giorgio/2000/}) 13. Qd2 g3 14. Be3 f6 15. Ng6 (15. Ng4
$2 f5 16. Ne5 f4 17. Bg1 Bb7 18. Rc1 Rg8 19. a3 Bd6 $19 {[%csl Rg1,Rh1]
Sokolov,I-Thorhallsson,T/Reykjavik op/1998/}) 15... Rg8 16. Nf4 Nxf4 17. Bxf4
Nd7 $13 {/=/+,/\Bb7,0-0-0 and White's forces are uncoordinated.}) 9... Bb7 {
The best move.} (9... b4 $6 10. Na4 Nxe4 11. Be5 Nf6 12. Nc5 $1 Bg7 13. Bxc4
O-O 14. Qc2 Nbd7 15. h4 gxh4 16. Nxd7 Bxd7 17. Rxh4 Nd5 18. Bxg7 Kxg7 19. Rg4+
Kh8 20. Qd2 Qf6 21. Ne5 Be8 22. O-O-O Ne7 23. Rh1 Ng8 24. Rgh4 Kg7 25. Rf4 {
1-0,Sakaev,K-Kobalija,M/RUS-ch St Petersburg/ 1998/}) (9... Nh5 10. Be5 Rg8 11.
Nxg5 $1 (11. Bxb8 Rxb8 12. Ne5 Nf4 13. Nxc6 Qb6 14. Nxb8 Nxg2+ $44) 11... Qxg5
12. Bxh5 Qxg2 13. Rf1 $32 {[%csl Re8] |^,[+],עe8}) (9... Bb4 $6 10. Qc2 $5 g4
11. Ne5 Qxd4 12. O-O Bxc3 13. bxc3 Qxe4 14. Qd2 Nbd7 15. f3 $1 Qd5 16. Qf4 Rg8
17. Nxd7 Nxd7 18. fxg4 e5 19. Qxh6 Bb7 20. Rad1 Qc5+ 21. Bf2 Qf8 22. Qh5 Rh8
23. Qf5 O-O-O 24. g5 $18 {Goldin,A-Ippolito,D/Philadelphia op/1999/}) (9...
Nbd7 {allows} 10. d5 $1 cxd5 (10... Bb7 11. dxe6 fxe6 12. Nd4 Nc5 13. e5 Nd5
14. O-O Qb6 15. Bh5+ Kd7 16. Qg4 Rh7 17. Rad1 Rd8 18. h4 Rg7 19. Ne4 Bc8 20.
Nxc5+ Bxc5 21. Qxe6+ Kc7 22. Qxh6 Re7 23. Nf3 $16 {Zhu Chen-Dreev,A/Shenyang/
1999/}) 11. exd5 Nb6 12. dxe6 Qxd1+ 13. Rxd1 Bxe6 14. Be5 Bg7 15. Nxb5 O-O 16.
O-O Nfd5 17. Bxg7 Kxg7 18. Nfd4 a6 19. Nxe6+ fxe6 20. Nd4 {White has a
permanent _|_ advantage due to Black's isolated P.} Kf6 21. Rfe1 e5 22. Nf3
Rad8 23. Bf1 Rfe8 24. Nd2 $16 {Bareev,E-Akopian,V/FIDE WCh Las Vegas/1999/})
10. h4 {Khalifman's move is currently White's main try.} ({The older} 10. e5
Nd5 11. h4 Qa5 $13 {is too murky and committal.}) ({Topalov prefers} 10. Ne5 $5
Bg7 11. h4 Nbd7 12. Qc2 c5 13. hxg5 cxd4 $6 (13... hxg5 $142 $13) 14. Nxb5 Nxe4
15. Nxc4 Nxg3 16. Nbd6+ Kf8 17. Nxb7 Qc7 18. fxg3 Qxb7 19. O-O d3 20. Qxd3 Ne5
21. Nxe5 Qb6+ 22. Rf2 Bxe5 23. Qf3 $18 {Topalov,V-Dreev,A/FIDE WCh New Delhi/
2000/}) 10... b4 $5 {The strong << P-phalanx is one of Black's main wepons in
this line, already earlier we saw this move should be made with great care.
Here it fits tactically, Black has his problems also after} (10... g4 11. Ne5
h5 (11... b4 $2 {is again weak:} 12. Na4 Nxe4 13. Bxc4 Nxg3 (13... h5 14. Qe2
Nxg3 15. fxg3 Rh6 16. O-O f5 17. d5 Qa5 18. Rxf5 Qxa4 19. Rxf8+ Kxf8 20. Qf2+
Ke7 21. Qf7+ Kd6 22. Qf8+ Kc7 23. d6+ Kb6 24. Bb3 Qb5 25. Qd8+ Kc5 26. Rc1+ Kd4
27. Qg5 {1-0,Stohl,I-Pavasovic,D/Vidmar mem Portoroz/1999/}) 14. fxg3 Nd7 15.
Nxf7 $1 Kxf7 16. Qxg4 Qe7 17. O-O+ Ke8 18. Bxe6 Bc8 19. Rae1 Kd8 {Khalifman,
A-Dreev,A/Elista/1998/} 20. Bf7 $1 $18) 12. O-O Nbd7 13. Qc2 (13. f3 $5) 13...
Nxe5 14. Bxe5 Bg7 15. Rad1 (15. b3 $5 cxb3 16. axb3 O-O 17. Rad1 Nh7 $6 18.
Bxg7 Kxg7 19. g3 Rc8 20. f3 f5 21. exf5 exf5 22. fxg4 Qc7 23. Kh2 fxg4 24. Ne4
$40 {Goldin,A-Novikov,I/New York op/2000/}) 15... O-O 16. Bg3 Nh7 17. e5 f5 18.
exf6 Qxf6 19. f3 Qf5 20. Qd2 Qg6 21. fxg4 hxg4 22. Qe3 Rf5 23. Ne4 $44 {
Kramnik,V-Akopian,V/Dortmund/2000/}) 11. Na4 {Apart from this natural move
White has also the more ambitious (and risky!)} (11. hxg5 $5 bxc3 12. bxc3 $1 (
12. gxf6 cxb2 13. Rb1 Qa5+ 14. Nd2 c3 15. O-O Ba6 16. Nc4 Qxa2 17. Ne3 Bxe2 18.
Qxe2 Nd7 19. d5 cxd5 20. exd5 $13 {Yuferov,S-Sveshnikov,E/St Petersburg/2000/
Although the position is not completely clear and White went on to win the
game, one can hardly believe this sub-line is worth repeating.}) 12... Nxe4 13.
Be5 Rh7 ({White wins his piece back after both} 13... Nxc3 14. Qc2 Nxe2 15.
Kxe2 $36) ({and} 13... Rg8 14. Qb1 $1 $16) 14. Qc2 (14. Qb1 $2 Qa5 $1 15. O-O
Nxc3 16. Qxb7 Nxe2+ 17. Kh1 hxg5+ $40) 14... c5 $5 (14... Qa5 15. O-O c5 16.
Rab1 Qxc3 $2 17. Qa4+ Bc6 18. Rxb8+ {1-0,Ivanov,S-Potkin,V/St Petersburg/2000/}
) 15. Rb1 Bc6 16. Bxc4 $44 {[%csl Re4][%cal Rc4d3] /\Bd3,פe4}) 11... Nxe4 12.
Be5 (12. Bxc4 $2 Nxg3 13. fxg3 Nd7 14. hxg5 Qc7 15. Rh3 O-O-O {Black's K is
safer than White's.} 16. Qd2 Bd6 17. gxh6 Bxg3+ 18. Kf1 Bf4 19. Qxb4 Bxh6 20.
Qb3 Bg7 21. Rxh8 Rxh8 22. Rd1 Rh1+ 23. Kf2 Rxd1 24. Qxd1 c5 $17 {Kobalija,
M-Yevseev,D/Ekaterinburg/1999/}) 12... Rg8 (12... f6 {[%csl Re6,Re8,Rf6] can't
be discarded outright, but this move weakens Black's P and K.} 13. Bxb8 (13.
Qc2 $5 c5 14. Bxb8 $13) 13... Qxb8 14. hxg5 Nxg5 15. Bxc4 $36) 13. Qc2 $6 $146
{[%mdl 72] Leads to quite fantastic complications, but mostly favourable for
Black.} ({More logical is} 13. hxg5 $142 hxg5 14. Bxc4 Nd7 15. Qd3 g4 $1 (15...
c5 16. dxc5 g4 $2 {doesn't win material, after} 17. Bb5 $1 gxf3 18. c6 $16 {
White has a very good version of the game position-the P is still on b4!}) 16.
Qxe4 gxf3 17. gxf3 (17. Qxf3 Nxe5 18. dxe5 Qg5 $17) 17... Qa5 18. b3 $13 (18.
Nc5 $6 Bxc5 19. dxc5 Nxe5 20. Qxe5 O-O-O 21. Bb3 Qb5 $36 {[%csl Re1] עe1,Xu
Jun-Nielsen,P/Istanbul olm/2000/})) 13... c5 14. Bxc4 (14. Nxc5 Nxc5 15. dxc5
g4 $17) (14. dxc5 g4 $17 {/\} 15. Nd4 Qd5 $1) 14... g4 15. Bb5+ ({After} 15.
Bd3 $6 {the simplest is} gxf3 16. Bxe4 fxg2 17. Rg1 Bxe4 18. Qxe4 Qd5 $17 {/-+}
) ({Too passive is} 15. Nd2 Nxd2 16. Qxd2 Nc6 $17) 15... Nd7 16. dxc5 $2 ({
Till the end of the game White will suffer due to his exposed K, so he had to
close his eyes and play} 16. O-O-O $5 gxf3 17. dxc5 {e.g.,} ({after} 17. gxf3
$2 cxd4 18. Bc7 {the most practical is} Rc8 $1 19. Bxd8 Rxc2+ 20. Kxc2 Kxd8 $19
) 17... fxg2 18. Rhg1 Bd5 19. c6 Bd6 20. cxd7+ Ke7 21. f3 $1 $15 {[%csl Gd7] /
<=>~~,Pd7 and the passed pawn gives White undenaible tactical chances.}) 16...
b3 $1 {[%csl Gb4][%cal Ga5e1] An important intermediate move, which frees the
e1-a5/^ and b4 for the Bf8.} (16... gxf3 $143 17. c6 $36) 17. Qd3 {The pawn is
poisoned:} (17. axb3 $2 gxf3 $1 (17... Qa5+ $6 18. Nd2 $13) 18. Bxd7+ (18. c6
$2 Qa5+ $19) 18... Qxd7 19. gxf3 Nxc5 $1 20. Nxc5 Bxc5 21. Qxc5 Bxf3 22. Rf1
Rd8 $19 {->} (22... Rg4 $19)) ({Not much better is} 17. Qxb3 Bd5 $5 ({Less
convincing is} 17... gxf3 18. c6 $13) 18. Qd3 gxf3 19. c6 Bb4+ 20. Nc3 (20. Bc3
Bxc3+ 21. Nxc3 Nxf2 $1 22. cxd7+ Kf8 23. Kxf2 Qb6+ $19) 20... Nxe5 $1 21. c7+
Qd7 (21... Ke7 $5 22. cxd8=Q+ Raxd8 $40) 22. Bxd7+ Kxd7 23. Qb5+ Kxc7 $17 {
/-+ and Black's active minor pieces are much stronger than the lone white Q.})
17... gxf3 18. c6 Bb4+ {Black frees f8 for his K.} (18... fxg2 19. cxd7+ Ke7
20. Rg1 $13) 19. Bc3 ({In the game White's N will remain offside till the end,
so} 19. Nc3 {deserved attention.} Bxc6 $5 (19... fxg2 20. Rg1 Bxc6 {-19...Bc6!?
} (20... Qxh4 $143 $2 21. Qxd7+ Kf8 22. Qd4 $1 $40)) 20. Bxc6 fxg2 21. Rg1 (21.
O-O-O gxh1=Q 22. Bxd7+ Ke7 $19) 21... Nxf2 $1 22. Qf3 (22. Qh7 Ke7 23. Bxa8
Qxa8 $19) (22. Qxd7+ Qxd7 23. Bxd7+ Kxd7 24. Kxf2 Bc5+ 25. Kf3 Bxg1 26. Rxg1 f6
$19 {/-/+}) 22... Rc8 $17 {and White has no obvious continuation. A nice
unforced line, which indicates Black's tactical possibilities, is} 23. Bf6 Qc7
24. Bxd7+ (24. Ba4 Ng4 25. O-O-O bxa2 26. Kc2 a1=Q 27. Rxa1 Bc5 $19) 24... Qxd7
25. Kxf2 Bc5+ 26. Ke2 Bxg1 27. Rxg1 bxa2 28. Rxg2 Rxg2+ 29. Qxg2 Qb5+ $1 30.
Nxb5 Rc2+ $19) 19... Bxc3+ 20. bxc3 (20. Nxc3 $142 fxg2 21. Rg1 Nec5 $5 22. Qe3
$5 (22. cxd7+ $143 Ke7 23. Qe3 Qb6 {[%csl Gg2] -the Pg2 is a powerhouse}) (22.
Qh7 Ke7 23. cxb7 Rb8 $17 {/-+ with a material advantage and a relatively safe
K.}) 22... Qc7 23. cxb7 Rb8 $17) 20... fxg2 21. Rg1 b2 $5 {Here Black already
has a choice.} (21... a6 22. cxb7 (22. cxd7+ Kf8 $19) 22... axb5 23. bxa8=Q
Qxa8 24. axb3 (24. Qxd7+ Kxd7 25. Nb6+ Kc6 26. Nxa8 Rxa8 27. Rxg2 Rxa2 $19)
24... Qc6 $1 $40 {/\} 25. Nb2 (25. f3 Ne5 $1 26. Qe3 Rg3 $19) 25... Ne5 26. Qe3
Qd5 $1 27. Rd1 Nd2 $1 28. Rxd2 Nf3+ 29. Kd1 Qxb3+ {[%cal Rf3g1] /\Ng1-+}) 22.
Rd1 $6 {Leaving 2 black P on the second rank requires really strong nerves.} ({
More logical was} 22. Nxb2 Qxh4 23. O-O-O (23. Qxd7+ Kf8 24. O-O-O Qf4+ 25. Kc2
Qxf2+ $19) 23... Ndc5 $1 24. cxb7+ Ke7 25. Qe3 Rab8 $19) 22... Qxh4 23. Qxd7+
Kf8 24. Qd4 b1=Q $1 {What a career for the b-pawn! This wins by force.} (24...
Qh2 $143 $2 25. Ke2 $5 (25. Qb4+ Kg7 26. Ke2 Ng5 $1 27. cxb7 Rad8 $19 {->}) (
25. f3 Qh4+ 26. Ke2 $17) 25... Qh5+ 26. Ke3 Qxb5 27. cxb7 $13) 25. Rxb1 (25.
cxb7 $2 Qxd1+ 26. Kxd1 Rd8 $19) 25... Rd8 26. cxb7 (26. Qb4+ Rd6 $19) (26. Qxa7
Qh2 $19 {is similar to the game.}) 26... Rxd4 27. b8=Q+ Rd8 28. Qxa7 {The
newly born Q can't return in time to defend the K.} Qh2 29. Ke2 (29. f3 Qf4 $1
$19 (29... Qg3+ 30. Ke2 Rd2+ 31. Ke3 Qf2+ $19)) 29... Rd2+ 30. Ke3 Rg3+ $1 31.
Kxe4 (31. fxg3 Qxg3+ 32. Kxe4 f5#) (31. f3 Rxf3+ 32. Kxf3 Qg3+ 33. Kxe4 f5#)
31... Rg4+ (31... Rg4+ 32. Kf3 Qf4#) 0-1